Státní správa, ano, ale jak?

Tri typy vzťahu štátnej správy a politiky: absolútna integrácia, relatívna integrácia a totálna separácia. Vysvetlenie pojmu politizácia štátnej správy. Hradenie nákladov na prevádzku štátnej správy z príjmov od daňových poplatníkov. Ekonomické nástroje na redukciu štátnej správy. Mobilita a efektív...

Descrizione completa

Salvato in:
Dettagli Bibliografici
Autore principale: Ježek, V.
Natura: Capitolo di libro
Lingua:ceco
Soggetti:
Tags: Aggiungi Tag
Nessun Tag, puoi essere il primo ad aggiungerne!!

MARC

LEADER 00000naa a2200000 4500
001 r011148
005 20220826093544.1
041 0 |a cze 
044 |a [CS] 
245 1 0 |a Státní správa, ano, ale jak?  |c V. Ježek 
520 |a Tri typy vzťahu štátnej správy a politiky: absolútna integrácia, relatívna integrácia a totálna separácia. Vysvetlenie pojmu politizácia štátnej správy. Hradenie nákladov na prevádzku štátnej správy z príjmov od daňových poplatníkov. Ekonomické nástroje na redukciu štátnej správy. Mobilita a efektívnosť štátnej správy. 
610 2 0 |a správa štátna 
610 2 0 |a politika 
610 2 0 |a USA 
610 2 0 |a náklady 
610 2 0 |a západná Európa 
100 1 |a Ježek, V.